LIBRARY ONLINE CATALOGUE

Proceedings of the workshop on biotechnology applications for banana and plantain improvement held in San Jose', Costa Rica 27-31 January 1992. (Record no. 8658)

MARC details
000 -LEADER
fixed length control field 00770nam a22002052 4500
001 - CONTROL NUMBER
control field 0000018792
005 - DATE AND TIME OF LATEST TRANSACTION
control field 20151217152134.0
008 - FIXED-LENGTH DATA ELEMENTS--GENERAL INFORMATION
fixed length control field 100701s xx 000 0 eng d
040 ## - CATALOGING SOURCE
Original cataloging agency KABU
Transcribing agency KABU
245 10 - TITLE STATEMENT
Title Proceedings of the workshop on biotechnology applications for banana and plantain improvement held in San Jose', Costa Rica 27-31 January 1992.
250 ## - EDITION STATEMENT
Edition statement 1st ed.
260 ## - PUBLICATION, DISTRIBUTION, ETC. (IMPRINT)
Place of publication, distribution, etc. Montpellier, France :
Name of publisher, distributor, etc. INIBAP,
Date of publication, distribution, etc. 1993.
300 ## - PHYSICAL DESCRIPTION
Extent 251 p.
650 #0 - SUBJECT ADDED ENTRY--TOPICAL TERM
Topical term or geographic name as entry element bananas.
-- 0000178198
710 2# - ADDED ENTRY--CORPORATE NAME
Corporate name or jurisdiction name as entry element International Network for the Improvement of Banana and Plantain (INIBAP)
-- 0000178199
852 1# - LOCATION
-- p400 KES
852 1# - LOCATION
-- p400 KES
908 ## - PUT COMMAND PARAMETER (RLIN)
Put command parameter 100701
950 ## - LOCAL HOLDINGS (RLIN)
-- 1
Holdings
Withdrawn status Lost status Source of classification or shelving scheme Not for loan Home library Current library Date acquired Total Checkouts Full call number Barcode Date last seen Price effective from Koha item type
    Library of Congress Classification   Kabarak, Main Campus Kabarak, Main Campus 17/12/2015   SB379 .B2P76 1993 c. 1 24752 17/12/2015 17/12/2015 General Collection
    Library of Congress Classification   Kabarak, Main Campus Kabarak, Main Campus 17/12/2015   SB379 .B2P76 1993 c. 2 24749 17/12/2015 17/12/2015 General Collection